MARC

LEADER 00000nam0a2200000 4500
001 61212
005 20231031062428.0
010 |a 5947235021 
035 |a (RuTPU)RU\TPU\book\64768 
090 |a 61212 
100 |a 20040305d2004 km y0rusy50 ca 
101 1 |a rus  |c eng 
102 |a RU 
105 |a y z 000zb 
200 1 |a Макиавелли, маркетинг, менеджмент  |e пер. с англ.  |f Под ред. Ф. Харриса, Э. Лока, П. Рис 
210 |a СПб.  |c Питер  |d 2004 
215 |a 272 с. 
225 1 |a Деловой бестселлер 
600 1 |a Макиавелли  |b Н.  |c итальянский политический мыслитель  |f 1469-1527  |g Никколо  |2 stltpui  |3 (RuTPU)RU\TPU\pers\935 
610 1 |a экономика 
610 1 |a философия 
610 1 |a итальянская философия 
610 1 |a маркетинг 
610 1 |a менеджмент 
610 1 |a политический менеджмент 
686 |a У821  |v LBC/SL-A  |2 rubbk 
686 |a Ю3(4Ит)43  |v LBC/SL-A  |2 rubbk 
702 1 |a Харрис  |b Ф.  |c Фил  |4 340 
702 1 |a Лок  |b Э.  |c Эндрю  |4 340 
702 1 |a Рис  |b П.  |c Патриссия  |4 340 
801 1 |a RU  |b 63413507  |c 20040305  |g PSBO 
801 2 |a RU  |b 63413507  |c 20120621  |g PSBO 
942 |c BK